Government and business in Western Australia, 1983-85 (Record no. 9085)

000 -LEADER
fixed length control field 00456pab a2200145 454500
008 - FIXED-LENGTH DATA ELEMENTS--GENERAL INFORMATION
fixed length control field 180718b1986 xxu||||| |||| 00| 0 eng d
100 ## - MAIN ENTRY--PERSONAL NAME
Personal name Harman Elizabeth J
245 ## - TITLE STATEMENT
Title Government and business in Western Australia, 1983-85
Remainder of title Legal and political aspects of the new hybrid enterprises
260 ## - PUBLICATION, DISTRIBUTION, ETC.
Date of publication, distribution, etc. 1986
300 ## - PHYSICAL DESCRIPTION
Extent 247-62
362 ## - DATES OF PUBLICATION AND/OR SEQUENTIAL DESIGNATION
Dates of publication and/or sequential designation Sept.
650 ## - SUBJECT ADDED ENTRY--TOPICAL TERM
Topical term or geographic name entry element Government and Business
773 ## - HOST ITEM ENTRY
Main entry heading Australian Journal of Public Administration
909 ## -
-- 9085
Holdings
Withdrawn status Lost status Damaged status Not for loan Permanent Location Current Location Date acquired Serial Enumeration / chronology Barcode Date last seen Price effective from Koha item type
        Indian Institute of Public Administration Indian Institute of Public Administration 2018-07-19 Volume no: 45, Issue no: 3 AR9099 2018-07-19 2018-07-19 Articles

Powered by Koha